Loading...
History - American History | 0 | 3 | 1 | 0 | 25 | 63 | 89.00 | 0 | 1 |
History - Other History | 0 | 3 | 2 | 1 | 20 | 64 | 88.33 | 0 | 2 |
Science - Other Science | 0 | 1 | 0 | 0 | 10 | 84 | 84.00 | 0 | 1 |
Religion | 0 | 1 | 0 | 1 | 10 | 133 | 133.00 | 0 | 0 |
History - World History | 0 | 1 | 0 | 0 | 10 | 83 | 83.00 | 0 | 0 |
Literature - American Literature | 0 | 1 | 0 | 0 | 10 | 109 | 109.00 | 0 | 0 |
Philosophy | 0 | 1 | 0 | 0 | 10 | 106 | 106.00 | 0 | 1 |
Mythology | 0 | 1 | 0 | 1 | 10 | 137 | 137.00 | 0 | 0 |
Fine Arts - Other Fine Arts | 0 | 1 | 0 | 0 | 10 | 141 | 141.00 | 0 | 0 |
Science - Physics | 0 | 1 | 1 | 0 | 5 | 78 | 78.00 | 0 | 0 |
Science - Biology | 0 | 1 | 1 | 0 | 5 | 88 | 88.00 | 0 | 0 |
History - European History | 0 | 1 | 2 | 0 | 0 | 70 | 70.00 | 0 | 1 |
Fine Arts - Classical Music | 0 | 0 | 1 | 0 | -5 | 0.00 | 0 | 0 | |
Science - Chemistry | 0 | 0 | 1 | 0 | -5 | 0.00 | 0 | 0 | |
Geography/Current Events | 0 | 0 | 1 | 0 | -5 | 0.00 | 0 | 0 | |
Pop Culture | 0 | 0 | 1 | 0 | -5 | 0.00 | 0 | 0 |